Trial and error. (Record no. 16640)

000 -LEADER
fixed length control field 00475nam a2200169 a 4500
001 - CONTROL NUMBER
control field :::00019815$&:&@@
003 - CONTROL NUMBER IDENTIFIER
control field OkBaRHE
005 - DATE AND TIME OF LATEST TRANSACTION
control field 20100331142447.0
008 - FIXED-LENGTH DATA ELEMENTS--GENERAL INFORMATION
fixed length control field s1989 j 000 0 eng u
040 ## - CATALOGING SOURCE
Transcribing agency
100 1# - MAIN ENTRY--PERSONAL NAME
Personal name Grant, George
245 10 - TITLE STATEMENT
Title Trial and error.
260 ## - PUBLICATION, DISTRIBUTION, ETC. (IMPRINT)
Place of publication, distribution, etc Franklin, TN
Name of publisher, distributor, etc Adroit Press
Date of publication, distribution, etc 1989
300 ## - PHYSICAL DESCRIPTION
Extent 187 p.
942 ## - ADDED ENTRY ELEMENTS (KOHA)
Source of classification or shelving scheme
Koha item type Books
Copies
Date last seen Date acquired Damaged status Source of classification or shelving scheme Copy number Permanent Location Full call number Koha item type Not for loan Shelving location Barcode Price effective from Withdrawn status Lost status
2010-04-142010-04-14  1RHEMA Bible Training CollegeJC 599 .U5 G687Books General Stacks198152010-04-14